000 00516nam a22001577a 4500
003 OSt
005 20150912165145.0
008 150912b xxu||||| |||| 00| 0 eng d
040 _cRUA
082 _aAGR KER 1996 BOO17 Or.1
100 _9354
_aKEO, PHALASAMBATH
245 _aបច្ចេកទេសដាំដុះកៅស៊ូ នៅករុមហ៊ុនចំការកៅស៊ូចំការអណ្តូង
260 _aphnom phen
_bRUA
_c1996
300 _a86P.
_bILL.
_c29CM.
942 _2ddc
_cAGR
999 _c336
_d336